000
00214 a2200097 4500
001
42719
100
_a
Busch
245
_a
The Drama of the Scharn Horst
260
_a
London
_b
Robert Hale
_c
090
_c
26611
_d
26611
942
_a
NUST-CAE
_c
M
_c
18460
999
_c
277792
_d
277792